| 000 | 00716cad a22002295a 4500 | ||
|---|---|---|---|
| 001 | E153959 | ||
| 008 | 110927s2011 xxk f 000 0 eng d | ||
| 020 | _a9780956787712 | ||
| 035 | _a(Sirsi) u153959 | ||
| 041 | 0 | _aeng | |
| 050 | 0 | 4 | _a711.558 $2 18 |
| 110 | 2 |
_aHopkins Architects _95979 |
|
| 245 | 0 | 0 |
_aLondon 2012 velodrome _bdesign in pursuit of efficiency |
| 260 |
_aLondon _bEmap Inform _c2011 |
||
| 300 |
_a104p. _b cil. ill. _c27cm. |
||
| 520 | _aDescribes the process of designing and building the velodrome for the 2012 Olympic Games. | ||
| 590 | _aKA | ||
| 650 | 2 | 4 | _aOLYMPIC GAMES 2012 |
| 651 | 4 | _aLondon | |
| 690 | _aPROPERTY-COMMERCIAL PROPERTY-LEISURE PROPERTY-SPORTS PROPERTY | ||
| 942 | _n0 | ||
| 999 |
_c112782 _d112782 |
||